[Event "Bhopal GM Open 2018"]
[Site "Bhopal"]
[Date "2018.12.24"]
[Round "6"]
[White "Sarwat, Walaa"]
[Black "Harshad S"]
[Result "1/2-1/2"]
[WhiteElo "2276"]
[BlackElo "1939"]
[Annotator "TA"]
[PlyCount "115"]
[EventDate "2018.12.21"]
[EventType "swiss"]
[EventCountry "IND"]
[SourceTitle "playchess.com"]
[Source "ChessBase"]
[SourceQuality "1"]

{[%evp 25,115,-1,-6,-12,-7,-13,0,-14,-5,-12,31,-14,-14,-25,-27,-27,-8,0,0,0,0,0,0,0,9,0,9,8,70,65,70,34,40,0,0,0,0,0,0,0,0,0,0,0,0,-55,0,0,0,0,0,0,0,0,0,0,0,-9,-8,-8,-8,-1,-1,-8,0,-8,-8,0,0,-3,-7,-15,-8,-55,-64,-39,-50,-227,-91,-103,-67,-67,-66,-67,-67,-73,0,-120,-8,-507,-466,-432]} 1. e4 c5 2. Nf3 d6 3. Bb5+ Bd7 4. Bxd7+ Qxd7 5. O-O Nf6 6. Re1 Nc6 7. c3 e6 8. d4 cxd4 9. cxd4 d5 10. e5 Ne4 11. Nbd2 Nxd2 12. Bxd2 Be7 13. Re3 {B52: Sicilian: Moscow Variation with 3...Bd7} (13. Rc1 O-O 14. Rc3 Rfc8 15. h4 Bd8 16. Rd3 Qc7 17. Ng5 h6 18. Nh3 Ne7 19. Bc3 b5 20. Nf4 Nf5 21. Qg4 Bxh4 22. Nh5 {½-½ (52) Nakamura,H (2769)-Grischuk,A (2766) Paris 2018}) 13... O-O {[#] LiveBook: 5 Games} 14. h4 $146 ({Predecessor:} 14. Rd3 Rfc8 15. Ng5 Bxg5 16. Bxg5 Ne7 17. Bxe7 Qxe7 18. Rc1 Qb4 19. Rd2 h6 20. h3 b5 {½-½ (55) Kuzubov,Y (2626)-Chernyshov,K (2544) Moscow 2009}) 14... Rfc8 15. Rc3 {The position is equal.} Nd8 16. Rd3 Qb5 17. Rb3 Qc6 18. Bg5 Bxg5 19. Nxg5 Qc2 20. Qg4 h6 21. Nh3 Qe4 22. Qxe4 dxe4 23. Re1 Rc4 24. Rxe4 Rac8 25. Nf4 Ra4 26. a3 Rcc4 (26... Rc1+ $11 27. Kh2 Rd1) 27. Ne2 $14 b6 28. Rg3 Rc2 $1 29. Nc3 Rc4 30. Reg4 Kf8 $1 31. Rxg7 Rxd4 32. Rg8+ Ke7 33. R3g4 Rxg4 34. Rxg4 Rxb2 $11 {[%mdl 4096] Endgame KRN-KRN} 35. Rg8 (35. Rc4 $11) 35... Nc6 (35... b5 $15) 36. f4 Nd4 37. Ne4 {[#] Intending Nf6 and mate.} Kd7 $1 38. Rg7 Kc6 39. Rxf7 a5 40. h5 b5 41. g4 {aiming for g5.} Nf3+ 42. Kf1 {And now g5 would win.} Nh2+ 43. Ke1 {Threatens to win with g5.} Nxg4 44. Ra7 {Black should prevent Ra6+.} Ne3 {next ...Kd5 is good for Black.} 45. Ra6+ Kd5 46. Nf6+ Kd4 {Hoping for ...Ng2+.} 47. Rd6+ Kc4 {Strongly threatening ...Ng2+.} 48. Rxe6 {White wants to play Rc6+.} Ng2+ 49. Kf1 Nxf4 50. Rc6+ Kd4 51. Nd7 $2 {[#]} ({Better is} 51. Ng4 $1 $15) 51... Nxh5 (51... b4 $1 $19 {[%cal Rb4a3] and Black stays clearly on top.} 52. axb4 axb4) 52. Rxh6 $17 Ng3+ 53. Kg1 $1 Nf5 54. Rh5 Ng7 55. Rh6 Nf5 ({Black should play} 55... a4 $17 56. Rg6 Nf5) 56. Rb6 (56. Rh5 $1 $11 {keeps the balance.} Kd5 57. Rxf5) 56... b4 (56... Ke3 $17 57. Rc6 b4 58. axb4 axb4) 57. a4 $2 {[%mdl 8192]} (57. axb4 $11 {and White is okay.} axb4 58. e6) 57... b3 58. e6 {[%mdl 32768] Accuracy: White = 53%, Black = 57%. . An unexpected result.} 1/2-1/2

[Event "Bhopal GM Open 2018"]
[Site "Bhopal"]
[Date "2018.12.24"]
[Round "6"]
[White "Ziatdinov, Raset"]
[Black "Vignesh N R"]
[Result "0-1"]
[WhiteElo "2252"]
[BlackElo "2455"]
[Annotator "TA"]
[PlyCount "144"]
[EventDate "2018.12.21"]
[EventType "swiss"]
[EventCountry "IND"]
[SourceTitle "playchess.com"]
[Source "ChessBase"]
[SourceQuality "1"]

{[%evp 30,144,0,0,0,-11,-42,-79,51,-50,-62,-80,-132,-118,-70,-96,0,0,159,-82,-77,-95,-102,-102,0,-128,-138,-130,-129,-125,72,71,30,-343,-351,-374,-352,-336,-245,-240,-172,-183,-188,-186,-160,-168,-168,-178,-179,-243,-234,-251,-251,-261,-237,-268,-253,-273,-268,-268,-193,-268,-259,-672,-308,-304,-203,-695,-1145,-2258,-2097,-1036,-2181,-2218,-2337,-1749,-1318,-1776,-1674,-2647,-637,-2628,-1654,-2129,-2180,-1487,-1843,-830,-1298,-1369,-178,-172,0,-1364,-1188,-810,-757,-714,-714,-29981,-29982,-29981,-29982,-29984,-29985,-29985,-29986,-29986,-29987,-29987,-29988,-29991,-29983,-29984,-29985,-29985,-29986]} 1. e4 c5 2. Nf3 d6 3. d4 cxd4 4. Nxd4 Nf6 5. Nc3 a6 6. Bg5 e6 7. f4 h6 8. Bh4 Qb6 9. Qd2 Qxb2 10. Rb1 Qa3 11. e5 dxe5 {B97: Sicilian Najdorf: Poisoned Pawn} 12. fxe5 Nfd7 (12... g5 13. exf6 gxh4 14. Be2 Qa5 15. O-O Nd7 16. Kh1 Qg5 17. Qe1 Nxf6 18. Nf3 Qg7 19. Ne5 {½-½ (35) Radjabov,T (2748)-Wojtaszek,R (2744) Shamkir 2018}) 13. Ne4 Qxa2 14. Rd1 Qd5 15. Qe3 Qxe5 16. Be2 $1 {LiveBook: 275 Games} Bc5 $1 {Hoping for ...0-0.} 17. Bg3 $1 {[%cal Rg3e5]} Qd5 18. Bf3 Bxd4 ({Black should play} 18... O-O $1 $17 19. Nf6+ Nxf6 20. Bxd5 exd5) 19. Rxd4 $146 (19. Qa3 $1 $14 Bc5 20. Qc3) ({Predecessor:} 19. Qa3) 19... Qa5+ $15 20. c3 {Nd6+ is the strong threat.} O-O 21. Nd6 Qb6 22. O-O {[#]} Nc6 (22... e5 $1 $17 {[%cal Re5d4]} 23. Bxe5 Nxe5 24. Qxe5 Nc6 25. Bxc6 Qxc6) 23. Bxc6 $1 $11 Qxc6 $2 (23... e5 $11 24. Bxe5 (24. Nxc8 Raxc8 25. Bxd7 exd4 $15) 24... Nxe5 25. Bxb7 Ng4) 24. Qd2 $2 (24. Bf4 $1 $16 {is forced if you want to stay better.}) 24... e5 $17 {[#]} 25. Nxc8 $1 {[%mdl 512] Threatens to win with Ne7+.} Qc5 $36 {[%mdl 2048] Black is on the roll.} (25... Raxc8 26. Rxd7) 26. Ne7+ Kh7 ({Better is} 26... Kh8 $17 27. Rf5 Rad8) 27. Qd3+ (27. Rf5 $11 {was the only way to keep the balance.}) 27... Kh8 $1 28. Rf5 Rad8 $1 29. Bh4 {[#]} exd4 $2 (29... Qb6 $1 $17 {stays on course.} 30. Nd5 Qa7 31. Bxd8 Rxd8 32. Rxf7 exd4 33. Qxd4 Qxd4+ 34. cxd4 a5) 30. Rxc5 $16 Nxc5 31. Qh3 $2 {[%mdl 8192]} (31. Qf5 $11 d3 32. Bg5) 31... dxc3 $19 32. Qf5 Rd1+ 33. Kf2 c2 34. Bg5 c1=Q 35. Bxc1 Rxc1 36. Ng6+ fxg6 37. Qxf8+ {[%mdl 4096] Endgame KQ-KRN} Kh7 38. g4 Ne4+ 39. Ke3 {[#]} (39. Ke2 {was worth a try.}) 39... Nf6 $1 40. g5 hxg5 41. Qb8 b5 42. Kd2 Rc4 43. Qb6 Ra4 44. Kc1 Ra2 45. Qd6 (45. Qe3 $142) 45... g4 46. Kb1 $2 (46. Qg3) 46... Rf2 (46... Rg2 $142 47. Qxa6 Rxh2) 47. Qg3 Rf5 48. Qh4+ $2 (48. h3) 48... Rh5 49. Qg3 a5 {[%cal Ba6a5,Ba5a4,Ba4a3][%mdl 32]} 50. Ka2 b4 51. Qf4 Rh3 52. Qd6 Ra3+ 53. Kb2 a4 54. Qe5 Rd3 55. Qe2 a3+ 56. Ka2 Rh3 57. Qg2 Rh5 58. Kb3 Ra5 59. Qa2 Rb5 $2 (59... Nd5 60. Kc4 Nc3) 60. Qe2 Ra5 61. Qa2 $1 Nd5 62. Qf2 Kg8 {White must now prevent ...a2.} ({Don't go for} 62... a2 $2 63. Qh4+ Kg8 64. Qd8+ Kh7 65. Qxa5 $18) 63. Qh4 Nf6 {( -> ...a2)} 64. Qe1 a2 {Black mates.} 65. Qa1 Nd5 66. Kc4 Ne3+ 67. Kd3 Ra3+ 68. Kd2 Nc4+ 69. Ke2 Kh7 70. Kf2 Rf3+ 71. Ke2 Rh3 72. Qg1 b3 {Precision: White = 25%, Black = 66%.} 0-1

[Event "Bhopal GM Open 2018"]
[Site "Bhopal"]
[Date "2018.12.24"]
[Round "6"]
[White "Ziatdinov, Raset"]
[Black "Vignesh N R"]
[Result "*"]
[WhiteElo "2252"]
[BlackElo "2455"]
[Annotator "TA"]
[PlyCount "37"]
[EventDate "2018.12.21"]
[EventType "swiss"]
[EventCountry "IND"]
[SourceTitle "playchess.com"]
[Source "ChessBase"]
[SourceQuality "1"]

{[%evp 22,23,-46,-77]} 1. e4 c5 2. Nf3 d6 3. d4 cxd4 4. Nxd4 Nf6 5. Nc3 a6 6. Bg5 e6 7. f4 h6 8. Bh4 Qb6 9. Qd2 Qxb2 10. Rb1 Qa3 11. e5 dxe5 {B97: Sicilian Najdorf: Poisoned Pawn} 12. fxe5 {LiveBook: 320 Games} {Predecessor:} g5 $146 13. exf6 gxh4 14. Be2 Qa5 15. O-O Nd7 16. Kh1 Qg5 17. Qe1 Nxf6 18. Nf3 Qg7 19. Ne5 {½-½ (35) Radjabov,T (2748)-Wojtaszek,R (2744) Shamkir 2018} *

[Event "Bhopal GM Open 2018"]
[Site "Bhopal"]
[Date "2018.12.24"]
[Round "6"]
[White "Hemanth Raam"]
[Black "Laxman, R.R."]
[Result "0-1"]
[WhiteElo "2032"]
[BlackElo "2436"]
[Annotator "TA"]
[PlyCount "68"]
[EventDate "2018.12.21"]
[EventType "swiss"]
[EventCountry "IND"]
[SourceTitle "playchess.com"]
[Source "ChessBase"]
[SourceQuality "1"]

{[%evp 26,68,15,18,18,2,22,-15,-14,-72,-6,-5,-13,-21,-11,-10,-6,-20,-11,-58,-36,-53,-41,-47,-41,-160,-137,-303,-291,-308,-300,-283,-190,-342,-318,-371,-357,-367,-354,-494,-393,-403,-407,-406,-389]} 1. e4 e5 2. Nf3 Nc6 3. Bb5 a6 4. Ba4 Nf6 5. O-O Be7 6. Re1 b5 7. Bb3 O-O 8. a4 b4 9. d3 d6 10. Nbd2 Be6 11. Nc4 {C88: Closed Ruy Lopez: Anti-Marshall Systems} Qc8 12. h3 h6 13. Be3 Rd8 14. Qe2 {[#] LiveBook: 3 Games} Bf8 $146 ({Predecessor:} 14... a5 15. Rad1 Qa6 16. Ncd2 Bxb3 17. Nxb3 {½-½ (52) Areshchenko,A (2655)-Korobov,A (2680) Lvov 2014}) 15. Rad1 Re8 16. c3 Rb8 {Strongly threatening ...bxc3.} 17. Qc2 {[#]} (17. Bc2 $11) 17... Qb7 ({Black should try} 17... Bxh3 $1 $17 18. gxh3 Qxh3) 18. Rb1 $11 d5 19. Ncxe5 Nxe5 20. Nxe5 dxe4 {White must now prevent ...Bxb3.} 21. Bxe6 Rxe6 22. Nc4 Qd5 23. Rbd1 bxc3 24. bxc3 Rc6 {[#] ...exd3 is the strong threat.} 25. Nb2 (25. Ba7 $15 Re8 26. Ne3 exd3 27. Qxd3 Qxd3 28. Rxd3) 25... Ba3 $36 {[%mdl 2048] Keeping White busy.} 26. Bc1 $2 (26. c4 $17) 26... Bxb2 $19 27. Bxb2 {[%cal Rd3e4]} exd3 28. Qd2 Qc4 29. Ba1 $2 (29. Re3 {was called for.}) 29... Rd6 ({Less strong is} 29... Qxa4 30. Qxd3 Qc4 31. Qd4 $17) 30. Re7 Nd5 {[%cal Bf6d5,Bd5f4,Bf4e2][%mdl 32]} 31. Re5 Nf4 32. Rde1 Ne2+ 33. Kh2 Qxa4 34. c4 Qxc4 {Accuracy: White = 32%, Black = 77%.} 0-1

[Event "Bhopal GM Open 2018"]
[Site "Bhopal"]
[Date "2018.12.24"]
[Round "6"]
[White "Hemanth Raam"]
[Black "Laxman, R.R."]
[Result "*"]
[WhiteElo "2032"]
[BlackElo "2436"]
[Annotator "TA"]
[PlyCount "33"]
[EventDate "2018.12.21"]
[EventType "swiss"]
[EventCountry "IND"]
[SourceTitle "playchess.com"]
[Source "ChessBase"]
[SourceQuality "1"]

{[%evp 25,26,12,30]} 1. e4 e5 2. Nf3 Nc6 3. Bb5 a6 4. Ba4 Nf6 5. O-O Be7 6. Re1 b5 7. Bb3 O-O 8. a4 b4 9. d3 d6 10. Nbd2 Be6 11. Nc4 {C88: Closed Ruy Lopez: Anti-Marshall Systems} Qc8 12. h3 h6 13. Be3 Rd8 {[#] LiveBook: 3 Games} {Predecessor:} 14. Qe2 $146 a5 15. Rad1 Qa6 16. Ncd2 Bxb3 17. Nxb3 {½-½ (52) Areshchenko,A (2655)-Korobov,A (2680) Lvov 2014} *

[Event "Bhopal GM Open 2018"]
[Site "Bhopal"]
[Date "2018.12.24"]
[Round "6"]
[White "Ayush Sharma"]
[Black "Raahul V S"]
[Result "*"]
[WhiteElo "1778"]
[BlackElo "2381"]
[Annotator "TA"]
[PlyCount "38"]
[EventDate "2018.12.21"]
[EventType "swiss"]
[EventCountry "IND"]
[SourceTitle "playchess.com"]
[Source "ChessBase"]
[SourceQuality "1"]

{[%evp 19,20,0,14]} 1. e4 e5 2. Nf3 Nc6 3. Bb5 a6 4. Bxc6 dxc6 5. O-O f6 6. d4 Bg4 7. dxe5 Qxd1 8. Rxd1 fxe5 9. Nbd2 O-O-O 10. Re1 Bd6 {LiveBook: 88 Games. C69: Ruy Lopez: Exchange Variation with 5 0-0 f6} {Predecessor:} 11. h3 $146 Bh5 12. Nh4 Nf6 13. Nf5 Bb4 14. c3 Bf8 15. g4 Bf7 16. Nf3 Re8 17. Kg2 h5 18. Ng5 Bg8 19. Kg3 Nh7 {0-1 (79) Zherebukh,Y (2629)-Sokolov,I (2642) Haguenau 2013} *

[Event "Bhopal GM Open 2018"]
[Site "Bhopal"]
[Date "2018.12.24"]
[Round "6"]
[White "Ayush Sharma"]
[Black "Raahul V S"]
[Result "0-1"]
[WhiteElo "1778"]
[BlackElo "2381"]
[Annotator "TA"]
[PlyCount "72"]
[EventDate "2018.12.21"]
[EventType "swiss"]
[EventCountry "IND"]
[SourceTitle "playchess.com"]
[Source "ChessBase"]
[SourceQuality "1"]

{[%evp 22,72,-4,-19,0,-49,-39,-59,-62,-66,-66,-69,-74,-62,-58,-62,-45,-104,-117,-148,-150,-196,-181,-239,-213,-268,-215,-330,-353,-300,-345,-499,-406,-686,-686,-652,-641,-839,-866,-812,-808,-929,-936,-1084,-1090,-1246,-1871,-1838,-1715,-1187,-1110,-29988,-29989]} 1. e4 e5 2. Nf3 Nc6 3. Bb5 a6 4. Bxc6 dxc6 5. O-O f6 6. d4 Bg4 7. dxe5 Qxd1 8. Rxd1 fxe5 9. Nbd2 O-O-O 10. Re1 Bd6 {C69: Ruy Lopez: Exchange Variation with 5 0-0 f6} 11. Nc4 Bxf3 12. gxf3 {LiveBook: 3 Games} Rf8 {The position is equal.} 13. Bg5 h6 14. Bh4 b5 15. Nxd6+ $146 ({Predecessor:} 15. Nd2 g5 16. Bg3 Nf6 17. a4 Kb7 18. Ra2 {0-1 (38) Kocheev,A (2374)-Maiorov,N (2596) Minsk 2015}) 15... cxd6 16. Rad1 Kc7 17. Re3 {next Red3 is good for White.} g5 18. Bg3 {Red3 is the strong threat.} Nf6 19. b4 (19. Red3 $15 Rd8 20. h4) 19... Nd7 $17 20. Ra3 Nb6 21. Rxa6 {[#]} Ra8 $1 {[%cal Ra8a6]} ({Don't take} 21... Rxf3 22. Rd3 $17) 22. Rxb6 (22. Rxa8 {might work better.} Rxa8 23. h4) 22... Rxa2 (22... Kxb6 23. Rxd6 Rae8 24. Rg6 $15) 23. Kg2 h5 {[%cal Bh6h5,Bh5h4][%mdl 32] aiming for ...h4.} ({Less strong is} 23... Kxb6 24. Rxd6 Re8 25. Rxh6 $15) 24. Rb7+ (24. h4 $142 gxh4 25. Bxh4) 24... Kxb7 $19 25. Rxd6 {[%mdl 4096] Endgame KRR-KRB} Re8 ({Weaker is} 25... Rxc2 26. Bxe5 Re8 27. Rd7+ Kc8 28. Rc7+ Kd8 29. Bd6 $15) 26. h3 (26. h4 {is the only way for White.} gxh4 27. Bxh4) 26... Rxc2 27. Rg6 (27. Rd7+ $142 Kb6 28. Bh2) 27... h4 28. Bh2 c5 {[%cal Bc6c5,Bc5b4,Bb4b3,Bb3b2][%mdl 32]} 29. Rxg5 cxb4 30. Bxe5 b3 31. Bd4 Ka6 32. Rg7 b4 33. Rg4 {[#]} Rc3 $1 {[%mdl 512]} 34. Kh2 (34. Bxc3 bxc3) 34... b2 35. Rg1 Rd8 36. Be3 {[#]} Rxe3 $1 {[%mdl 512] Accuracy: White = 16%, Black = 83%.} 0-1

[Event "Bhopal GM Open 2018"]
[Site "Bhopal"]
[Date "2018.12.25"]
[Round "7"]
[White "Tran, Tuan Minh"]
[Black "Nayak Rajesh"]
[Result "1-0"]
[WhiteElo "2524"]
[BlackElo "2173"]
[Annotator "TA"]
[PlyCount "63"]
[EventDate "2018.12.21"]
[EventType "swiss"]
[EventCountry "IND"]
[SourceTitle "playchess.com"]
[Source "ChessBase"]
[SourceQuality "1"]

{[%evp 17,63,52,101,87,79,86,115,107,95,90,125,130,189,181,150,160,244,164,442,436,429,423,454,453,547,538,535,489,1111,1101,1025,625,633,587,529,583,673,683,671,690,678,676,657,647,837,790,29994,29995]} 1. d4 Nf6 2. c4 g6 3. Nc3 Bg7 4. e4 d6 5. Be2 O-O 6. Be3 e5 7. d5 a5 8. g4 Na6 {E73: King's Indian: Averbakh Variation without 6...c5} 9. h4 Nd7 {[#] LiveBook: 4 Games} (9... Nc5 10. f3 h5 11. g5 Nh7 12. Kd2 Bd7 13. Nh3 c6 14. Nf2 cxd5 15. exd5 f5 16. gxf6 Nxf6 17. Bxc5 dxc5 {0-1 (37) Vallejo Pons,F (2705)-Radjabov,T (2741) Palma de Mallorca 2017}) 10. h5 $1 Ndc5 {White is better.} 11. Qd2 c6 $146 ({Predecessor:} 11... Qe7 12. f3 Bd7 13. Nh3 Nb4 14. Nf2 b6 15. Kf1 f5 16. h6 {½-½ (49) Lianes Garcia,M (2376)-Kamer,K (2290) Porto Carras 2018}) 12. hxg6 fxg6 13. Nh3 cxd5 14. exd5 e4 (14... a4 $16) 15. Ng5 $18 {[%mdl 64] [#] Double Attack} h6 16. Ngxe4 g5 (16... Nxe4 $16 17. Nxe4 Qe7) 17. O-O-O Nb4 $2 (17... Nxe4 {keeps fighting.} 18. Nxe4 Qe7) 18. Nxc5 dxc5 19. Bxc5 Rf4 20. a3 {[%cal Ba2a3,Ba3b4][%mdl 32]} Qe8 21. Be3 Rxg4 22. Nb5 Qxb5 (22... Qe5 $142 23. Bxg4 Bxg4 24. axb4 axb4) 23. cxb5 Bf5 24. axb4 Rc8+ 25. Qc3 Bxc3 26. bxc3 Rxc3+ 27. Kd2 Rc2+ 28. Ke1 Rxb4 29. d6 Bd7 30. Rxh6 a4 31. Bd4 Rxb5 32. Bh5 {Accuracy: White = 100%, Black = 12%.} 1-0

[Event "Bhopal GM Open 2018"]
[Site "Bhopal"]
[Date "2018.12.25"]
[Round "7"]
[White "Deviatkin, Andrei"]
[Black "Nguyen, Van Huy"]
[Result "0-1"]
[WhiteElo "2464"]
[BlackElo "2438"]
[Annotator "TA"]
[PlyCount "94"]
[EventDate "2018.12.21"]
[EventType "swiss"]
[EventCountry "IND"]
[SourceTitle "playchess.com"]
[Source "ChessBase"]
[SourceQuality "1"]

{[%evp 17,94,35,37,22,37,0,4,6,18,6,21,21,24,10,17,13,28,17,14,-7,-5,-20,-20,-20,-20,-13,0,-20,-21,-31,0,-41,-41,-48,0,0,16,0,0,0,0,0,0,-66,-76,-95,-94,-120,-120,-120,-120,-635,-612,-633,-633,-630,-619,-606,-600,-754,-743,-693,-573,-629,-629,-618,-612,-736,-673,-691,-675,-897,-887,-912,-745,-905,-895,-2114,-2027]} 1. e4 c6 2. Nf3 d5 3. exd5 cxd5 4. Ne5 Nc6 5. d4 Nf6 (5... e6 6. Bb5 Bd7 7. Nxd7 Qxd7 8. c3 Nf6 9. O-O Bd6 10. Nd2 Qc7 11. g3 O-O 12. Bd3 Rab8 {1-0 (50) Bauer,C (2629)-Berkes,F (2678) Batumi 2018}) 6. Bb5 {B10: Caro-Kann: 2 d3 and 2 c4} Bd7 7. Nxd7 Qxd7 8. c3 g6 9. O-O Bg7 {LiveBook: 8 Games} 10. Bf4 O-O 11. h3 a6 $146 ({Predecessor:} 11... Rac8) 12. Be2 b5 13. a3 Na5 14. Nd2 Nc4 15. Rb1 Rfc8 16. Re1 Qf5 17. Nxc4 bxc4 18. Be5 Qd7 19. Bf3 e6 20. Qd2 Ne8 21. Bf4 Nd6 22. Re2 Rab8 23. Rbe1 Rb6 24. g4 Rcb8 25. Qc1 Bf8 26. h4 R8b7 27. h5 Ne4 28. Bg2 Bd6 29. Bxd6 Nxd6 30. h6 (30. hxg6 $11 hxg6 31. Bf3) 30... Qd8 $15 31. Bf3 Qb8 {[%cal Rb6b2]} 32. Qf4 Rxb2 33. Rxb2 Rxb2 34. Rxe6 $2 {[%mdl 8192]} (34. Qe5 $17 Qf8 35. a4) 34... fxe6 $19 {Black is clearly winning.} 35. Qf6 {[%csl Gh6][%cal Rf6g7] [#]} Ne8 $1 {[%cal Re8f6]} 36. Qxe6+ {[#]} Kf8 $1 ({Stronger than} 36... Kh8 37. Qf7 Qg3+ 38. fxg3 Rb1+ 39. Kf2 Rb2+ 40. Be2 Rxe2+ 41. Kxe2 g5 42. Qxe8#) 37. Qxd5 Qc7 38. Kg2 Rb3 39. Qe6 Rb6 40. Qe3 Qe7 41. Qf4+ Rf6 42. Qb8 g5 43. Qc8 Qc7 44. Qa8 Rxh6 45. Qd5 Qh2+ 46. Kf1 Rf6 47. Bg2 Qf4 {[%mdl 64] Double Attack. Accuracy: White = 27%, Black = 69%.} 0-1

[Event "Bhopal GM Open 2018"]
[Site "Bhopal"]
[Date "2018.12.25"]
[Round "7"]
[White "Vignesh N R"]
[Black "Laxman, R.R."]
[Result "1/2-1/2"]
[WhiteElo "2455"]
[BlackElo "2436"]
[Annotator "TA"]
[PlyCount "113"]
[EventDate "2018.12.21"]
[EventType "swiss"]
[EventCountry "IND"]
[SourceTitle "playchess.com"]
[Source "ChessBase"]
[SourceQuality "1"]

{[%evp 17,113,15,61,17,14,0,13,2,18,16,28,16,16,27,33,36,43,27,35,37,56,39,111,28,57,47,34,27,13,14,39,39,39,47,35,43,59,58,66,19,11,6,6,10,12,0,0,0,0,0,0,0,9,0,0,0,0,0,0,-8,-16,-13,-8,-8,-8,-8,0,0,0,0,0,0,0,0,0,0,0,0,0,0,0,0,0,0,0,0,0,0,0,0,0,0,0,0,0,0,0,0]} 1. e4 e5 2. Nf3 Nc6 3. Bc4 Bc5 4. d3 Nf6 5. O-O d6 6. h3 h6 7. c3 O-O 8. a4 {C54: Giuoco Piano: 4 c3 Nf6, main lines with 5 d4 and 5 d3} (8. Re1 a6 9. Bb3 Re8 10. Nbd2 Be6 11. Nf1 Bxb3 12. axb3 d5 13. Qe2 Qd7 14. b4 Bf8 15. Ng3 Rad8 16. Kf1 {1-0 (70) McShane,L (2669)-Adams,M (2706) Hull 2018}) 8... a5 9. Re1 Ne7 {LiveBook: 3 Games} 10. Nbd2 {White is slightly better.} Ng6 11. Nf1 c6 12. Bb3 Be6 $146 ({Predecessor:} 12... Re8 13. Ng3 d5 14. exd5 Nxd5 15. d4 exd4 16. Rxe8+ Qxe8 17. Bxd5 cxd5 18. Nxd4 Bd7 19. Be3 b6 20. Ndf5 Bxf5 21. Nxf5 Qe4 22. Qg4 {½-½ (22) Cruzado Duenas,C (2563)-Straka,Z (2576) ICCF email 2017}) 13. Bc2 d5 14. exd5 Qxd5 15. Be3 Bxe3 16. Nxe3 Qd7 17. d4 exd4 $1 18. Nxd4 Bd5 19. Bf5 Qd8 {[#]} (19... Qd6 $14) 20. Nxd5 ({White should try} 20. Qc2 $1 $16) 20... Qxd5 $11 21. Bxg6 fxg6 22. Qc2 Qf7 23. Nf3 g5 24. Ne5 Qc7 $1 25. Re2 Rfe8 26. Rae1 Nd5 27. g3 Re6 28. Ng6 Rxe2 {The position is equal.} 29. Qxe2 Qf7 30. Ne5 Qf5 31. Qg4 (31. Ng4 {is interesting.} Rf8 32. Qd2 h5 33. Ne3 Nxe3 34. Qxe3 Rf7 35. Qe8+) 31... Qxg4 32. hxg4 {[%mdl 4096] Endgame KRN-KRN} Re8 33. Kf1 Nb6 34. b3 Rd8 35. c4 Rd2 36. Re3 Nd7 37. Ke1 Rd4 38. Ke2 Nc5 39. f3 Kh7 40. Rc3 g6 41. Nd3 Nxd3 42. Rxd3 Rxd3 43. Kxd3 {KP-KP} c5 44. Ke4 h5 45. gxh5 gxh5 46. Kf5 Kh6 47. f4 g4 48. Ke6 h4 49. f5 hxg3 50. f6 g2 (50... Kh5 $5 51. f7 $8 g2 $11) 51. f7 g1=Q {[#] ( -> ...Kg7)} (51... Kg7 $5 52. Ke7 $8 g1=Q 53. f8=Q+ Kg6 54. Qf6+ Kh5 55. Qh8+ Kg6 56. Qf6+ Kh5 57. Qh8+ Kg6 58. Qf6+ $11) 52. f8=Q+ Kg5 {Strongly threatening ...Qe3+.} 53. Qf6+ Kh5 {And now ...Qe3+ would win.} 54. Qh8+ Kg5 {Hoping for ...Qe3+.} 55. Qf6+ Kh5 {aiming for ...Qe3+.} 56. Qh8+ Kg5 {Threatens to win with ...Qe3+.} 57. Qf6+ {Accuracy: White = 73%, Black = 64%.} 1/2-1/2

[Event "Bhopal GM Open 2018"]
[Site "Bhopal"]
[Date "2018.12.25"]
[Round "7"]
[White "Shyaamnikhil P"]
[Black "Sahoo, Utkal Ranjan"]
[Result "1/2-1/2"]
[WhiteElo "2448"]
[BlackElo "2286"]
[Annotator "TA"]
[PlyCount "62"]
[EventDate "2018.12.21"]
[EventType "swiss"]
[EventCountry "IND"]
[SourceTitle "playchess.com"]
[Source "ChessBase"]
[SourceQuality "1"]

{[%evp 15,62,3,4,5,9,-4,16,-15,-11,-44,-41,-58,-54,-54,-52,-55,-57,-60,-52,-64,-41,-45,-35,-78,-72,-70,-56,-52,-57,-53,-10,-10,-10,-14,-10,-32,0,0,0,-42,-54,-22,-7,-6,-4,-6,0,0,8]} 1. e4 e5 2. Nf3 Nc6 3. Bc4 Bc5 4. d3 Nf6 5. Nc3 h6 6. Nd5 d6 {C50: Hungarian Defence and Giuoco Pianissimo} 7. c3 a6 (7... Nxd5 8. Bxd5 O-O 9. h3 Be6 10. Bxe6 fxe6 11. O-O Bb6 12. Be3 d5 13. exd5 exd5 14. d4 exd4 15. Nxd4 Nxd4 16. Bxd4 Rf4 17. Qd2 Qd6 18. Bxb6 axb6 19. a3 Re4 {½-½ (19) Kogan,A (2569)-Eljanov,P (2716) Helsingor 2008}) 8. b4 Ba7 {LiveBook: 3 Games} 9. Be3 Be6 10. Bxa7 $146 {[#] Threatens to win with Be3.} ({Predecessor:} 10. O-O Bxd5 11. Bxd5 Nxd5 12. exd5 Ne7 13. Bxa7 Rxa7 14. c4 {½-½ (36) Barthel,A (2245)-Berend,E (2370) Luxembourg 2014}) 10... Rxa7 11. Nd2 Bxd5 12. exd5 Ne7 13. Qf3 b5 14. Bb3 a5 15. bxa5 Qa8 {[%cal Re7d5]} 16. c4 Rxa5 17. O-O bxc4 18. dxc4 O-O 19. Qh3 c6 {[%cal Rc6d5]} 20. f4 cxd5 {Strongly threatening ...e4.} 21. fxe5 dxe5 22. Rae1 Ng6 {And now ...Nf4 would win.} 23. cxd5 Nxd5 24. Nc4 Ndf4 25. Qf3 Qa7+ 26. Kh1 Rc5 27. g3 (27. Nd6 $5 {[%cal Rg2g3]}) 27... Ne6 28. Nd6 {[#] aiming for Nxf7!} Ng5 {The position is equal.} 29. Qb7 Qxb7+ 30. Nxb7 Rc7 31. Nd6 Rc3 {Accuracy: White = 68%, Black = 73%.} 1/2-1/2